Statystyki dla The Weeknd - Wszystkie piosenki

Kliknij tutaj aby rozwiązać quiz!

Ogólne statystyki

  • Ten quiz został rozwiązany 164 razy
  • Średni wynik to 20 z 133

Statystyki odpowiedzi

Tytuł piosenki% Poprawnych
Starboy
82%
The Hills
72%
Blinding Lights
71%
Save Your Tears
68%
After Hours
60%
Die For You
59%
Heartless
55%
Call Out My Name
53%
Often
47%
Can't Feel My Face
44%
I Feel It Coming
43%
Party Monster
43%
In Your Eyes
42%
Reminder
38%
I Was Never There
35%
Wicked Games
33%
Earned It
32%
Stargirl Interlude
29%
In The Night
28%
False Alarm
27%
Pray For Me
27%
Faith
26%
The Morning
26%
Take My Breath
25%
Alone Again
24%
House Of Balloons
24%
Escape From LA
23%
Lost in the Fire
23%
Acquainted
22%
High For This
21%
Hurt You
21%
Too Late
20%
True Colors
20%
Sidewalks
19%
Angel
18%
Or Nah
18%
Rockin'
18%
Secrets
18%
Shameless
18%
Try Me
18%
All I Know
17%
As You Are
16%
Snowchild
16%
Tell Your Friends
16%
A Lonely Night
15%
Ordinary Life
15%
Six Feet Under
15%
Hardest To Love
14%
Love Me Harder
14%
Prisoner
14%
Scared To Live
14%
Attention
13%
Losers
13%
Love To Lay
13%
Moth To A Flame
13%
Wasted Times
13%
D.D.
12%
Loft Music
12%
Nothing Without You
12%
Repeat After Me
12%
Until I Bleed Out
12%
The Knowing
10%
The Town
10%
XO
10%
Dark Times
9%
Low Life
9%
Pretty
9%
Real Life
9%
The Zone
9%
What You Need
9%
Adaptation
8%
Belong To The World
8%
Crew Love
8%
Lonely Star
8%
Privilege
8%
Professional
8%
Tears In The Rain
8%
The Birds Pt. 1
8%
The Birds Pt. 2
8%
Thursday
8%
Twenty Eight
8%
Wanderlust
8%
Coming Down
7%
Gone
7%
Love In The Sky
7%
Glass Table Girl
6%
Hurricane
6%
The Fall
6%
Echoes Of Silence
5%
Life Of The Party
5%
Live For
5%
Montreal
5%
Next
5%
Some Way
5%
Valerie
5%
Heaven Or Las Vegas
4%
Odd Look
4%
Rolling Stone
4%
You Right
4%
Initiation
3%
Lust For Life
3%
off the table
3%
Outside
3%
Over Now
3%
Power is Power
3%
Same Old Song
3%
Smile
3%
The Host
3%
Better Believe
2%
Curve
2%
In Vein
2%
UnFazed
2%
Where You Belong
2%
FML
1%
Might Not
1%
Nocturnal
1%
Remember You
1%
Till Down
1%
What You Want
1%
6 Inch
0%
A Rambo
0%
Bedtime Stories
0%
Die For It
0%
Drinks On Us
0%
Gifted
0%
Nomads
0%
One of Those Nights
0%
Party & The After Party The
0%
Piece Of My Head
0%
Pray 4 Love
0%
Pullin Up
0%
Wild Love
0%
wonderfull
0%

Rozkład punktacji

Percentyl według liczby udzielonych odpowiedzi

Procent ludzi z każdym wynikiem

Twoja historia wyników

Nie rozwiązałeś tego quizu